MARC details
| 000 -LÍDER |
| campo de controle de tamanho fixo |
02819nam a2200433Ia 4500 |
| 001 - NÚMERO DE CONTROLE |
| campo de controle |
303 |
| 003 - IDENTIFICADOR DO NÚMERO DE CONTROLE |
| campo de controle |
OSt |
| 005 - DATA E HORÁRIO DA ÚLTIMA TRANSAÇÃO |
| campo de controle |
20250326090742.0 |
| 008 - CAMPO DE DADOS FIXOS--INFORMAÇÃO GERAL |
| campo de controle de tamanho fixo |
210713b ||||e |||| 00| e por d |
| 040 ## - FONTE DA CATALOGAÇÃO |
| Idioma da catalogação |
por |
| 041 ## - CÓDIGO DE IDIOMA |
| Código do idioma do texto/trilha sonora ou título diferente |
por |
| Código do idioma do original e/ou traduções intermediárias do texto |
ger |
| 041 ## - CÓDIGO DE IDIOMA |
| Código do idioma do texto/trilha sonora ou título diferente |
por |
| Código do idioma do original e/ou traduções intermediárias do texto |
lat |
| 082 1# - CDD - CLASSIFICAÇÃO DECIMAL DE DEWEY |
| Número de Classificação |
320.531 |
| Número do exemplar |
M392c |
| 082 1# - CDD - CLASSIFICAÇÃO DECIMAL DE DEWEY |
| Número de Classificação |
144 |
| Número do exemplar |
R843e |
| 100 1# - ENTRADA PRINCIPAL--NOME PESSOAL |
| Nome pessoal |
Marx, Karl, |
| Datas associadas ao nome |
1818-1883 |
| 9 (RLIN) |
589 |
| 100 ## - ENTRADA PRINCIPAL--NOME PESSOAL |
| Nome pessoal |
Roterdã, Erasmo de |
| Datas associadas ao nome |
1466 - 1536 |
| 9 (RLIN) |
590 |
| 240 ## - TÍTULO UNIFORME |
| Título uniforme |
Das Kapital. Kritik der politischen Oekonomie. ; Encomium Moriae |
| 245 ## - TÍTULO |
| Título |
O Capital / |
| Indicação de responsabilidade, etc. |
Marx, Karl - |
| 245 ## - TÍTULO |
| Título |
Elogio da loucura / |
| Indicação de responsabilidade, etc. |
Roterdã, Erasmo de |
| 260 ## - PUBLICAÇÃO, DISTRIBUIÇÃO, ETC. |
| Local de publicação, distribuição, etc. |
Espírito Santo |
| Nome do editor, distribuidor, etc. |
Formar |
| Data da publicação, distribuição, etc. |
1978 |
| 300 ## - DESCRIÇÃO FÍSICA |
| Extensão |
114 p. |
| Outros detalhes físicos |
O Capital |
| 300 ## - DESCRIÇÃO FÍSICA |
| Extensão |
110 p. |
| Outros detalhes físicos |
Elogio da loucura |
| 490 1# - TÍTULO DA SÉRIE |
| Título da série |
Grandes Mestres do Pensamento |
| Número do volume ou designação sequencial da série |
Livro 6 |
| 490 1# - TÍTULO DA SÉRIE |
| Título da série |
Grandes Mestres do Pensamento |
| Número do volume ou designação sequencial da série |
Livro 7 |
| 500 ## - NOTA GERAL |
| Nota geral |
Volume 6 e 7 da Coleção "Grande Mestres do Pensamentos". |
| 520 ## - NOTA DE RESUMO, ETC. |
| Resumo, etc. |
Na lista dos grandes pensadores modernos do Ocidente, fatalmente se encontra o nome de Karl Marx. O Capital é o seu trabalho mais ambicioso, o que custou a ele mais de 20 anos de estudo e preparação. O resultado é que O Capital, hoje, mais de um século após sua conclusão, está presente nos mais diferentes espaços do estudo social e econômico.<br/><br/>O Capital – Extratos por Paul Lafargue (autor do clássico Direito à Preguiça) é a compilação dos trechos essenciais da obra de Karl Marx sobre o funcionamento do capitalismo, com o objetivo de facilitar o entendimento sem perder sua profundidade.Uma edição elogiada pelo próprio Marx. |
| 520 ## - NOTA DE RESUMO, ETC. |
| Resumo, etc. |
O mundo em que vivemos é louco. Muito mais louco do que pensamos. Totalmente louco. Não tem mais remédio. Aliás, se houvesse remédio, o mais salutar seria a própria loucura, o único bem supremo. Assim fala Erasmo de Rotterdam neste livro que, do inicio ao fim, é uma sátira mordaz, mas inteligente, da sociedade do século XVI. A loucura domina o mundo. Loucura por dinheiro, loucura pelo poder, loucura pelo saber, loucura até pela religião. A felicidade suprema do homem está nas loucuras que comete, na transformação da loucura em divindade que guia todos os seus passos. Erasmo, mente privilegiada, perspicaz, corajosa, escreveu para o homem do século XVI, mas parece que, quase como um profeta, pretendia mesmo dizer que o verdadeiro império da Loucura atingiria seu auge no final do século XX e início do século XXI. |
| 650 #0 - ASSUNTO--TERMO TÓPICO |
| Cabeçalho tópico ou nome geográfico |
Literatura Alemã |
| 9 (RLIN) |
365 |
| 650 #0 - ASSUNTO--TERMO TÓPICO |
| Cabeçalho tópico ou nome geográfico |
Marxismo |
| 9 (RLIN) |
591 |
| 650 #0 - ASSUNTO--TERMO TÓPICO |
| Cabeçalho tópico ou nome geográfico |
Comunismo |
| 9 (RLIN) |
592 |
| 650 #0 - ASSUNTO--TERMO TÓPICO |
| Cabeçalho tópico ou nome geográfico |
Literatura holandesa |
| 9 (RLIN) |
593 |
| 650 #0 - ASSUNTO--TERMO TÓPICO |
| Cabeçalho tópico ou nome geográfico |
Humanismo |
| 9 (RLIN) |
594 |
| 650 #0 - ASSUNTO--TERMO TÓPICO |
| Cabeçalho tópico ou nome geográfico |
Sociologia |
| 9 (RLIN) |
595 |
| 655 #0 - TERMO DE ÍNDICE--GÊNERO E FORMA |
| Gênero/forma/ou termo foco |
Ensaio |
| 655 #0 - TERMO DE ÍNDICE--GÊNERO E FORMA |
| Gênero/forma/ou termo foco |
Não Ficção |
| 830 ## - ENTRADA SECUNDÁRIA DE SÉRIE--TÍTULO UNIFORME |
| Título uniforme |
Grandes Mestres do Pensamento |
| Número do volume ou designação sequencial da série |
vol. 6 |
| 9 (RLIN) |
596 |
| 830 ## - ENTRADA SECUNDÁRIA DE SÉRIE--TÍTULO UNIFORME |
| Título uniforme |
Grandes Mestres do Pensamento |
| Número do volume ou designação sequencial da série |
vol. 7 |
| 9 (RLIN) |
596 |
| 942 ## - ELEMENTOS DE ENTRADA ADICIONADOS (KOHA) |
| Fonte de classificação ou esquema de arquivamento |
Classificação decimal de Dewey |
| Tipo de material Koha |
Livros |